[Event "Kiel op 34th"]
[Site "Kiel"]
[Date "2022.08.02"]
[Round "6"]
[White "Thielemann, Joachim"]
[Black "Gombert, Reiner"]
[Result "0-1"]
[WhiteElo "1697"]
[BlackElo "1915"]
[PlyCount "82"]
[EventDate "2022.07.30"]
[EventType "swiss"]
[EventRounds "9"]
[EventCountry "GER"]
[SourceTitle "CBM 209 Extra"]
[Source "ChessBase"]
[SourceDate "2022.09.30"]
[SourceVersion "1"]
[SourceVersionDate "2022.09.30"]
[SourceQuality "1"]

1. e4 d5 2. Nc3 Nf6 3. e5 Ne4 4. Bd3 Nxc3 5. bxc3 g6 6. f4 b6 7. Be2 Ba6 8. d4 Bxe2 9. Qxe2 e6 10. Nf3 c5 11. Be3 Qc7 12. c4 cxd4 13. Bxd4 Qxc4 14. Qxc4 dxc4 15. a4 Nc6 16. Ke2 Be7 17. Rhd1 0-0-0 18. Bc3 Rxd1 19. Rxd1 Rd8 20. Rxd8+ Kxd8 21. Ke3 a6 22. Nd2 b5 23. axb5 axb5 24. Bb2 Nb4 25. c3 Nd3 26. Ba1 Kc7 27. g4 Kc6 28. Ne4 Kd5 29. Ng3 g5 30. f5 Nxe5 31. h3 Nd3 32. fxe6 fxe6 33. Ne2 Bf6 34. Ng3 h6 35. Kd2 b4 36. Nf1 b3 37. Ne3+ Kc5 38. Nd1 Be5 39. Bb2 Bf4+ 40. Ke2 Nxb2 41. Nxb2 Bc1 0-1

[Event "Bodensee Seniors op"]
[Site "Bregenz"]
[Date "2019.05.26"]
[Round "1"]
[White "Tiedt, Gunter"]
[Black "Thielemann, Joachim"]
[Result "1-0"]
[WhiteElo "2122"]
[BlackElo "1754"]
[PlyCount "137"]
[EventDate "2019.05.26"]
[EventType "swiss"]
[EventRounds "7"]
[EventCountry "AUT"]
[SourceTitle "CBM 190 Extra"]
[Source "ChessBase"]
[SourceDate "2019.07.15"]
[SourceVersion "1"]
[SourceVersionDate "2019.07.15"]
[SourceQuality "1"]

1. e4 e5 2. Nf3 Nc6 3. Bc4 Be7 4. d4 d6 5. 0-0 Nf6 6. Nc3 0-0 7. h3 a6 8. a4 Bd7 9. Re1 exd4 10. Nxd4 Ne5 11. Bb3 c5 12. Nf3 Qc7 13. Nd5 Nxd5 14. Bxd5 Bc6 15. Nxe5 dxe5 16. b3 Bf6 17. Bb2 Rac8 18. c4 Qe7 19. Qe2 g6 20. Rad1 Rfe8 21. Rd3 Bg7 22. Red1 Rf8 23. Bxc6 Rxc6 24. Rd7 Qf6 25. Rxb7 Rd6 26. Rd7 Rxd7 27. Rxd7 Qb6 28. Qd1 Rb8 29. Ba3 Bf8 30. Qd5 Qe6 31. Qxe6 fxe6 32. Rd3 Be7 33. Kf1 Kf7 34. Ke2 Ke8 35. Bb2 Bf6 36. Kd2 Ke7 37. Ba3 Rc8 38. b4 cxb4 39. Bxb4+ Ke8 40. Kc3 Be7 41. Bd6 Rc6 42. Bxe5 g5 43. g3 Rb6 44. f4 h6 45. Bg7 gxf4 46. gxf4 h5 47. Be5 Rc6 48. Rg3 Bh4 49. Rg6 Be1+ 50. Kd3 Rb6 51. f5 Kf7 52. Rxe6 Rxe6 53. fxe6+ Kxe6 54. Bd4 Bg3 55. e5 Be1 56. Ke4 Ba5 57. Bb2 Bc7 58. Kf4 Bd8 59. Ba3 Bh4 60. Bd6 Bd8 61. Ke4 Ba5 62. c5 Bb4 63. Kd4 Ba3 64. Kc4 Bb2 65. c6 Ba1 66. c7 Kd7 67. Kd5 Bc3 68. e6+ Kc8 69. e7 1-0

[Event "Schleswig-Holstein-ch Seniors-A"]
[Site "Bad Segeberg"]
[Date "2018.03.29"]
[Round "8"]
[White "Erich, Juergen"]
[Black "Thielemann, Joachim"]
[Result "1-0"]
[WhiteElo "1916"]
[BlackElo "1767"]
[PlyCount "42"]
[EventDate "2018.03.24"]
[EventType "swiss"]
[EventRounds "9"]
[EventCountry "GER"]
[SourceTitle "EXT 2023"]
[Source "ChessBase"]
[SourceDate "2022.10.05"]
[SourceVersion "1"]
[SourceVersionDate "2022.10.05"]
[SourceQuality "1"]

1. Nf3 d5 2. g3 Nf6 3. Bg2 h6 4. 0-0 Bf5 5. c4 e6 6. Qb3 Qc8 7. d3 c6 8. Bf4 Nbd7 9. cxd5 Nxd5 10. Bd2 Bh7 11. Nc3 Nc5 12. Qd1 Nf6 13. Rc1 Be7 14. Be3 Ncd7 15. Bf4 0-0 16. Ne5 Nxe5 17. Bxe5 Qd7 18. Na4 Nd5 19. Nc5 Bxc5 20. Rxc5 b6 21. Rc1 Rac8 1-0

[Event "MVP-ch Seniors op 17th"]
[Site "Binz"]
[Date "2017.12.05"]
[Round "7.41"]
[White "Thielemann, Joachim"]
[Black "Lewald, Stephan"]
[Result "0-1"]
[WhiteElo "1817"]
[BlackElo "1940"]
[PlyCount "78"]
[EventDate "2017.11.29"]
[EventType "swiss"]
[EventRounds "9"]
[EventCountry "GER"]
[SourceTitle "EXT 2019"]
[Source "ChessBase"]
[SourceDate "2018.10.10"]
[SourceVersion "1"]
[SourceVersionDate "2018.10.10"]
[SourceQuality "1"]

1. e4 c5 2. Nc3 g6 3. g3 Bg7 4. Nge2 Nc6 5. Bg2 d6 6. h3 e6 7. 0-0 Nge7 8. a3 0-0 9. d3 Rb8 10. Be3 Nd4 11. Rb1 Bd7 12. Qd2 Qc7 13. f4 f5 14. Kh2 Bc6 15. Ng1 b6 16. Rbe1 d5 17. Bf2 dxe4 18. dxe4 Rbd8 19. Qc1 Qb7 20. h4 Nc8 21. Re3 Nd6 22. Rfe1 Rfe8 23. Nh3 h6 24. Bh1 fxe4 25. Ng1 e5 26. Nge2 N4f5 27. Nxe4 Nxe4 28. Bxe4 exf4 29. Bxc6 fxg3+ 30. Nxg3 Qxc6 31. Rxe8+ Rxe8 32. Nxf5 gxf5 33. Rg1 Kh7 34. c3 Re2 35. Rg2 Be5+ 36. Kg1 Qe4 37. Qf1 Rxb2 38. Be1 Rxg2+ 39. Qxg2 Qxe1+ 0-1

[Event "MVP-ch Seniors op 16th"]
[Site "Binz"]
[Date "2016.11.30"]
[Round "8.55"]
[White "Junghans, Rolf"]
[Black "Thielemann, Joachim"]
[Result "1-0"]
[WhiteElo "1403"]
[BlackElo "1857"]
[PlyCount "137"]
[EventDate "2016.11.23"]
[EventType "swiss"]
[EventRounds "9"]
[EventCountry "GER"]
[SourceTitle "EXT 2018"]
[Source "ChessBase"]
[SourceDate "2017.10.13"]
[SourceVersion "1"]
[SourceVersionDate "2017.10.13"]
[SourceQuality "1"]

1. d4 Nf6 2. h3 d5 3. f4 Nbd7 4. e3 c5 5. c3 e6 6. Nd2 c4 7. Ngf3 b5 8. b3 Bb7 9. Bb2 h6 10. Be2 Qc7 11. Rc1 g5 12. Ne5 Rg8 13. Bf3 gxf4 14. exf4 Nh7 15. Qc2 Rg7 16. Bh5 Ndf6 17. Bf3 0-0-0 18. b4 h5 19. Ra1 h4 20. a4 a6 21. axb5 axb5 22. Kf2 Ne8 23. Ra5 Nd6 24. Rha1 f6 25. Ng4 Be7 26. Bc1 Re8 27. R1a3 Bd8 28. Ra2 Qb8 29. R5a3 Nf5 30. Nf1 Bc7 31. Qd2 Rf7 32. Ke1 Nf8 33. Qc2 Ng6 34. Nh6 Rd7 35. Nxf5 exf5+ 36. Kd1 Bxf4 37. Qxf5 Bxc1 38. Kxc1 Qf4+ 39. Qxf4 Nxf4 40. Rd2 Re1+ 41. Rd1 Nd3+ 42. Kd2 Rde7 43. Rxe1 Nxe1 44. Ra1 Nd3 45. Ne3 Nf2 46. Rf1 Nd3 47. Bg4+ Kc7 48. Rxf6 Bc6 49. Bf3 Re8 50. Rh6 Ra8 51. Rxh4 Ra2+ 52. Nc2 Nb2 53. Rh7+ Kd6 54. Be2 Na4 55. Rg7 Rb2 56. h4 Rb3 57. Rg3 Rb1 58. h5 Rh1 59. Rh3 Rg1 60. h6 Bd7 61. h7 Rxg2 62. h8Q Bxh3 63. Qxh3 Rg6 64. Qh7 Rf6 65. Ne3 Nb6 66. Ke1 Nd7 67. Bg4 Nf8 68. Qa7 Ne6 69. Qb6+ 1-0

[Event "MVP-ch Seniors op 16th"]
[Site "Binz"]
[Date "2016.11.25"]
[Round "3.58"]
[White "Berger, Volkmar"]
[Black "Thielemann, Joachim"]
[Result "0-1"]
[WhiteElo "1669"]
[BlackElo "1857"]
[PlyCount "88"]
[EventDate "2016.11.23"]
[EventType "swiss"]
[EventRounds "9"]
[EventCountry "GER"]
[SourceTitle "EXT 2018"]
[Source "ChessBase"]
[SourceDate "2017.10.13"]
[SourceVersion "1"]
[SourceVersionDate "2017.10.13"]
[SourceQuality "1"]

1. d4 d6 2. Nf3 Nf6 3. g3 c6 4. Bg2 g6 5. 0-0 Bg7 6. Re1 0-0 7. e4 Bg4 8. Nbd2 Qb6 9. c3 e5 10. Qc2 Qc7 11. dxe5 dxe5 12. Nc4 Nbd7 13. Ne3 Bxf3 14. Bxf3 h5 15. h3 Nh7 16. Nc4 Nc5 17. Be3 Ne6 18. Rad1 b5 19. Nd2 Rad8 20. Bg2 g5 21. Nf3 Bf6 22. a4 a6 23. b4 c5 24. axb5 axb5 25. bxc5 Nxc5 26. Rd5 Rxd5 27. exd5 e4 28. Bxc5 Qxc5 29. Qxe4 Qxc3 30. d6 Rd8 31. d7 Kg7 32. Qf5 Nf8 33. Rd1 Qb3 34. Rb1 Qe6 35. Qxb5 Kh6 36. Rd1 Rxd7 37. Rxd7 Nxd7 38. h4 g4 39. Ng5 Qe1+ 40. Bf1 Ne5 41. Qb6 Kg7 42. Qb3 Bxg5 43. hxg5 Nf3+ 44. Kg2 Qxf1+ 0-1

[Event "Miedzyzdroje OB Seniors 24th"]
[Site "Miedzyzdroje"]
[Date "2016.06.25"]
[Round "9"]
[White "Lewandowski, Tadeusz"]
[Black "Thielemann, Joachim"]
[Result "0-1"]
[WhiteElo "1753"]
[BlackElo "1870"]
[PlyCount "27"]
[EventDate "2016.06.17"]
[EventType "swiss"]
[EventRounds "9"]
[EventCountry "POL"]
[SourceTitle "EXT 2019"]
[Source "ChessBase"]
[SourceDate "2018.10.10"]
[SourceVersion "1"]
[SourceVersionDate "2018.10.10"]
[SourceQuality "1"]

1. d4 Nf6 2. c4 g6 3. Nc3 d6 4. f4 Bf5 5. e3 Nbd7 6. Bd3 Bxd3 7. Qxd3 e5 8. Nf3 Qe7 9. Qe2 Nb6 10. Qd3 0-0-0 11. Rf1 Bg7 12. Bd2 h6 13. Rf2 Rhe8 14. Rc1 0-1

[Event "Miedzyzdroje OB Seniors 24th"]
[Site "Miedzyzdroje"]
[Date "2016.06.18"]
[Round "2"]
[White "Thielemann, Joachim"]
[Black "Gander, Ralf"]
[Result "0-1"]
[WhiteElo "1870"]
[BlackElo "2134"]
[PlyCount "106"]
[EventDate "2016.06.17"]
[EventType "swiss"]
[EventRounds "9"]
[EventCountry "POL"]
[SourceTitle "EXT 2019"]
[Source "ChessBase"]
[SourceDate "2018.10.10"]
[SourceVersion "1"]
[SourceVersionDate "2018.10.10"]
[SourceQuality "1"]

1. e4 d6 2. g3 g6 3. Bg2 Bg7 4. d4 Nf6 5. c3 0-0 6. h3 Nc6 7. Ne2 e5 8. 0-0 exd4 9. Nxd4 Bd7 10. Be3 Ne5 11. Nd2 c5 12. N4b3 Bb5 13. c4 Nxc4 14. Nxc4 Bxc4 15. Re1 Re8 16. Bf4 Re6 17. Qc2 Ba6 18. Rad1 Qb6 19. e5 Nh5 20. Bd5 Nxf4 21. gxf4 Re7 22. f5 dxe5 23. fxg6 hxg6 24. Qxc5 Qf6 25. Qe3 Rae8 26. Nc5 Bb5 27. Ne4 Qa6 28. Nc5 Qb6 29. b4 Bc6 30. a4 Bxd5 31. Rxd5 Qc6 32. Red1 b6 33. Rd6 Qc8 34. Ne4 Re6 35. Qf3 f5 36. Ng3 Rxd6 37. Rxd6 Qc1+ 38. Rd1 Qg5 39. Kh2 e4 40. Qb3+ Kh7 41. Nh1 e3 42. Qd5 Be5+ 43. Ng3 exf2 44. Qf3 Bxg3+ 45. Qxg3 f1N+ 46. Rxf1 Re2+ 47. Rf2 Qxg3+ 48. Kxg3 Rxf2 49. Kxf2 b5 50. h4 Kh6 51. Kf3 g5 52. hxg5+ Kxg5 53. Kg3 f4+ 0-1

[Event "GER-chA Seniors 27th"]
[Site "Magdeburg"]
[Date "2015.08.18"]
[Round "4"]
[White "Thielemann, Joachim"]
[Black "Achenbach, Manfred"]
[Result "1-0"]
[WhiteElo "1846"]
[BlackElo "2094"]
[PlyCount "83"]
[EventDate "2015.08.15"]
[EventType "swiss"]
[EventRounds "9"]
[EventCountry "GER"]
[SourceTitle "EXT 2018"]
[Source "ChessBase"]
[SourceDate "2017.10.13"]
[SourceVersion "1"]
[SourceVersionDate "2017.10.13"]
[SourceQuality "1"]

1. e4 c5 2. Nc3 Nc6 3. g3 g6 4. Bg2 Bg7 5. Nge2 e6 6. d3 d6 7. 0-0 Nge7 8. Be3 0-0 9. Qd2 Re8 10. f4 Rb8 11. Rab1 b6 12. a3 d5 13. Bf2 d4 14. Nd1 Bb7 15. b3 b5 16. Be1 Qd7 17. Nf2 Rec8 18. g4 c4 19. Ng3 f6 20. Qe2 Nd8 21. Bb4 Nf7 22. h4 Nc6 23. bxc4 Nxb4 24. axb4 bxc4 25. dxc4 Qc7 26. Nd3 Qxc4 27. Rf2 Ba6 28. Ra1 Rb6 29. Bf1 Qc3 30. Ra5 Qc6 31. Rc5 Qd7 32. Rxc8+ Qxc8 33. Qd2 Bf8 34. f5 exf5 35. gxf5 Bh6 36. Nf4 Bxf4 37. Qxf4 Qb8 38. Ne2 Rxb4 39. Qc1 Qb6 40. Nf4 d3 41. Nd5 d2 42. Qa3 1-0